000 00616cam a2200217ua 4500
005 20210130114524.0
008 150922n ii |||gr||||Z||||||asm
020 _a8176800104
040 _cMAIN
_aIN-DiNC
041 _dasm
082 _a301
_bDOL
100 _aDoley, Durgeswar,
_eauthor
245 1 _aUchchatar madhyamik samajtatta parichay (dittio borkhor babe)
_cby Durgeswar Doley
250 _a10th ed.
260 _aDibrugarh:
_bTushar publishing house,
_c2008.
300 _a8.13p.
650 _aSociology
650 _aSociology for HS 2nd year
653 _aSociology & anthropology
942 _cBK
_2ddc
999 _c8512
_d8512